000
00240nam a2200097Ia 4500
001
922893
005
20250826191452.0
008
250824s9999 xx 000 0 und d
245
0
_a
EYVALLAH 1
_c
HİKMET ANIL ÖZTEKİN
260
_b
HAYY YAYINLARI
999
_c
922893
_d
922893